Biografía de Eugenio Hermoso / (Record no. 140324)

MARC details
000 -LEADER
campo de control de longitud fija 00564nam a2200181 i 4500
001 - NÚMERO DE CONTROL
campo de control 140324
003 - IDENTIFICADOR DE NÚMERO DE CONTROL
campo de control ES-MaACL
005 - FECHA Y HORA DE LA ÚLTIMA TRANSACCIÓN
campo de control 20230906200045.0
007 - CAMPO FIJO DE DESCRIPCIÓN FÍSICA--INFORMACIÓN GENERAL
campo de control de longitud fija t|
008 - DATOS DE LONGITUD FIJA--INFORMACIÓN GENERAL
campo de control de longitud fija 070214s1927 sp r ||||1| spa d
100 0# - ENTRADA PRINCIPAL--NOMBRE DE PERSONA
Nombre de persona Segura Covarsí, Enrique.
9 (RLIN) 105216
245 10 - MENCIÓN DEL TÍTULO
Título Biografía de Eugenio Hermoso /
Mención de responsabilidad, etc. Enrique Segura.
260 ## - PUBLICACIÓN, DISTRIBUCIÓN, ETC.
Lugar de publicación, distribución, etc. [Madrid :
Nombre del editor, distribuidor, etc. Meridiano],
Fecha de publicación, distribución, etc. 1927 (
Lugar de fabricación/manufactura Badajoz :
Fabricante Tip. La Minerva Extremeña)
300 ## - DESCRIPCIÓN FÍSICA
Extensión 233 p., 1 h. de lám. ;
Dimensiones 16 cm.
500 ## - NOTA GENERAL
Nota general Retrato del biografiado.
600 04 - PUNTO DE ACCESO ADICIONAL DE MATERIA--NOMBRE DE PERSONA
Nombre de persona Hermoso, Eugenio.
9 (RLIN) 62769
852 ## - LOCALIZACIÓN
Ubicación ES-MaACL
Número de control de estantería F-9365
Holdings
Estatus retirado Estado de pérdida Estado de daño No para préstamo Biblioteca de origen Biblioteca actual Ubicación en estantería Fecha de adquisición Fuente de adquisición Total de préstamos Signatura topográfica completa Código de barras Visto por última vez Precio de reemplazo Tipo de ítem Koha
        Biblioteca del Ateneo de Madrid Biblioteca del Ateneo de Madrid Sala Pecera Planta 2 17/01/2008     F-9365 1146023 23/02/2023 23/02/2023 Libro impreso